| 000 | 00944cam a22002771 4500 | ||
|---|---|---|---|
| 001 | 1362 | ||
| 003 | BD-RjUL | ||
| 005 | 20211208233326.0 | ||
| 008 | 131125r19611953enka 000 0 eng d | ||
| 035 | _a(BD-RjUL)1384 | ||
| 035 | _a(OCoLC)1370186 | ||
| 040 |
_aDLC _cFO _dOCoLC _dBD-RjUL _beng |
||
| 041 | 1 |
_aeng _hfre |
|
| 082 |
_a110 _216 _bLED |
||
| 100 | 1 |
_aLeibniz, Gottfried Wilhelm, _d1646-1716. _94034 |
|
| 245 | 0 | 0 |
_aDiscourse on metaphysics / _ca translation from the French based on the diplomatic edition, by Peter G. Lucas and Leslie Grint. |
| 260 |
_a[Manchester, Eng.] : _bManchester University Press, _cc1953.[reprinted 1961] |
||
| 300 |
_axxix, 63 p. : _billus. ; _c19 cm. |
||
| 490 | 1 |
_aPhilosophical classics _v[2] |
|
| 650 | 0 |
_aMetaphysics. _92787 |
|
| 830 | 0 |
_v2. _94819 |
|
| 830 | 0 |
_aPhilosophical classics (Manchester, Eng.) ; _94036 |
|
| 942 |
_2ddc _cBK |
||
| 999 |
_c1362 _d1362 |
||